| 000 | 01143cam a2200301 a 4500 | ||
|---|---|---|---|
| 001 | 1036763 | ||
| 005 | 20200421093821.0 | ||
| 008 | 891018r19901961nyu b 000 1 eng | ||
| 010 | _a 89026005 | ||
| 020 | _a0486262448 (pbk.) | ||
| 040 |
_aDLC _cDLC _dDLC |
||
| 041 | 1 |
_aeng _hrus |
|
| 050 | 0 | 0 |
_aPG3286 _b.R9 1990 |
| 082 | 0 | 0 |
_a891.73/0108 _220 |
| 245 | 0 | 0 |
_aRussian stories = _bRusskie rasskazy / _cedited by Gleb Struve. |
| 260 |
_aNew York : _bDover Publications, _c1990, c1989. |
||
| 300 |
_axi, 394 p. ; _c22 cm. |
||
| 440 | 2 |
_aA Dual-language book _9308 |
|
| 500 | _aReprint. Originally published: New York : Bantam Books, 1961. Originally published in series: Bantam dual-language book. | ||
| 504 | _aIncludes bibliographical references (p. 335-358). | ||
| 650 | 0 |
_aShort stories, Russian _xTranslations into English. _9869 |
|
| 651 | 0 |
_aRussia _xSocial life and customs _xFiction. _9870 |
|
| 700 | 1 |
_aStruve, Gleb. _9309 |
|
| 740 | 0 | _aRusskie rasskazy. | |
| 856 | 4 | 2 |
_3Publisher description _uhttp://www.loc.gov/catdir/description/dover031/89026005.html |
| 906 |
_a7 _bcbc _corignew _d1 _eocip _f19 _gy-gencatlg |
||
| 942 |
_2ddc _cBK |
||
| 999 |
_c179 _d179 |
||